| 000 | 00980nam a2200313 a 4500 | ||
|---|---|---|---|
| 003 | AR-BaBNM | ||
| 005 | 20251128204345.0 | ||
| 008 | 082120s2002 ||||||||||||||000 | spa|| | ||
| 020 | _a950-534-089-3 | ||
| 040 | _cAR-BaBNM | ||
| 100 | 1 | _aRuiz de Boó, María del Carmen | |
| 245 | 0 | 0 |
_aTaller de técnicas de estudio _bpropuesta de trabajo para la articulación de dos niveles : enseñanza primaria-enseñanza secundaria |
| 260 |
_aBuenos Aires _bA-Z editora _c1987 |
||
| 300 |
_a91 p. _bgráfs., tablas |
||
| 504 | _aBibliografía p. 89-91 | ||
| 650 | 4 | _aMETODOS DE ESTUDIO | |
| 650 | 4 | _aAPRENDIZAJE | |
| 650 | 4 | _aDOCENTES | |
| 650 | 4 | _aROL DEL DOCENTE | |
| 650 | 4 | _aOBJETIVOS EDUCACIONALES | |
| 650 | 4 | _aACTIVIDADES DE APRENDIZAJE | |
| 650 | 4 | _aTALLERES ESCOLARES | |
| 650 | 4 | _aEVALUACION DEL ALUMNO | |
| 653 | _aPROCESO DE ENSEÑANZA-APRENDIZAJE | ||
| 653 | _aESTRATEGIAS EDUCATIVAS | ||
| 653 | _aORIENTACION EDUCATIVA | ||
| 942 | _cBK | ||
| 998 | _cCarmen | ||
| 999 |
_c7139 _d7139 |
||